Vista normal
Vista MARC
Entrada Meeting Name
Número de registros utilizados en: 1
001 - CONTROL NUMBER
- control field: 14263
003 - CONTROL NUMBER IDENTIFIER
- control field: OSt
005 - DATE AND TIME OF LATEST TRANSACTION
- control field: 20210302162448.0
008 - FIXED-LENGTH DATA ELEMENTS
- fixed length control field: 210302|| aca||aabn | a|a d
040 ## - CATALOGING SOURCE
- Original cataloging agency: OSt
- Transcribing agency: OSt
111 ## - HEADING--MEETING NAME
- Meeting name or jurisdiction name as entry element: Foro "convivencia y seguridad ciudadana"
- Date of meeting or treaty signing: (1998 jun. 2-4 :
- Location of meeting: El Salvador)
670 ## - SOURCE DATA FOUND
- Source citation: Work cat.: (OSt)0: Foro "convivencia y seguridad ciudadana" (1998 jun. 2-4 : El Salvador), Convivencia y seguridad : , 2000.